GET INTO FRENCH THE ULTIMATE INTERACTIVE (Record no. 11496)

MARC details
000 -LEADER
fixed length control field 00337nam a2200133Ia 4500
008 - FIXED-LENGTH DATA ELEMENTS--GENERAL INFORMATION
fixed length control field 240624s9999 xx 000 0 und d
041 ## - LANGUAGE CODE
Language code of text/sound track or separate title eng
082 ## - DEWEY DECIMAL CLASSIFICATION NUMBER
Classification number 440 PUR
100 ## - MAIN ENTRY--PERSONAL NAME
Personal name PURCELL SUE
245 ## - TITLE STATEMENT
Title GET INTO FRENCH THE ULTIMATE INTERACTIVE
260 ## - PUBLICATION, DISTRIBUTION, ETC.
Date of publication, distribution, etc. 2006
Place of publication, distribution, etc. London
Name of publisher, distributor, etc. BBC Active
300 ## - PHYSICAL DESCRIPTION
Extent 143 : p. : cm. ; 18
365 ## - TRADE PRICE
Currency code RS
Price amount 25
Holdings
Withdrawn status Lost status Damaged status Not for loan Home library Current library Shelving location Date acquired Source of acquisition Cost, normal purchase price Total Holds Full call number Barcode Date last seen Copy number Price effective from Koha item type
  Missing     IMTN IMTN Rack 15-B 11/05/2008 IBH 2500.00 1724 440 PUR 11496 06/24/2024 1 06/24/2024 Books
Designed & Maintained by: LRC IMT Nagpur Contact: lrc@imtnag.ac.in© 2024. All Rights Reserved.